| 000 | 00643cab a2200253 4500 | ||
|---|---|---|---|
| 001 | X2452 | ||
| 008 | 090401t1995 xxu||||| |||| 00| 0 eng d | ||
| 035 | _a(Sirsi) u24339 | ||
| 041 | _aeng | ||
| 245 | _aToff v McDowell | ||
| 260 | _c1995 | ||
| 350 | _a0 | ||
| 490 |
_aProperty and Compensation Reports _v(1995) 69 P&CR 535-547(13) |
||
| 520 | _aChD 19 July 1993. | ||
| 650 | _aBONA VACANTIA | ||
| 650 | _aCROWN | ||
| 650 | _aDAMAGES | ||
| 650 | _aFLAT CONVERSIONS | ||
| 650 | _aMAIN STRUCTURE | ||
| 650 | _aNOISE NUISANCE | ||
| 690 | _aLANDLORD AND TENANT-CASE LAW-RESIDENTIAL TENANCIES | ||
| 942 | _n0 | ||
| 948 | _c04/03/1997 | ||
| 999 |
_c16318 _d16318 |
||